000
00270nam a22001217a 4500
008
181030b xxu||||| |||| 00| 0 eng d
041
_a
eng
080
_a
541
100
_a
12
101
_a
KIM
245
_a
A Short Course in Organic Chemistry
_c
Hart
942
_2
udc
_c
BK
999
_c
51199
_d
51199